| 000 | 00369nam a2200133Ia 4500 | ||
|---|---|---|---|
| 008 | 211109s9999||||xx |||||||||||||| ||und|| | ||
| 082 |
_a338.1054 _bSAH-E |
||
| 100 | _aSahib, Rao | ||
| 245 | 0 | _aEconomics of Indian Agriculture | |
| 260 |
_bRochouse & Sons Ltd _aMadras _c1943 |
||
| 630 | _xGeneral Stack | ||
| 650 |
_aAgriculture _vIndiaEconomy _xEconomics |
||
| 942 | _cBOOK | ||
| 999 |
_c10562 _d10562 |
||